000 00504nam a2200169 4500
999 _c56829
_d56829
005 20191106120449.0
008 190508d2019 ru ||||| |||| 00| 0 r d
022 _a0869-56IX
041 _aрус
245 _aПедагогика :
_b2019 /
_cГл. ред.:Бозиев Р.С.
260 _aМосква,
_c2019.
300 _aV.
653 _aპედაგოგიკა
653 _aпериодика
700 _aБозиев Р.С.
_eГлавный редактор
_9934
942 _2udc
_cCR